Пипи. Пипи - най-силното момиче на света (Запис номер 437498)
[ съкратено ]
| 000 -Лидер | |
|---|---|
| Контролно поле с фиксирана дължина | 01092nam a2200253 a 4500 |
| 003 - Код на организацията, давaща контролен номер | |
| Контролно поле | BLK |
| 005 - Дата и час на последна редакция | |
| Контролно поле | 20250730131329.0 |
| 008 - Елементи от данни с фиксирана дължина | |
| fixed length control field | 181218b bu ||||| |||| 00| 0 bu d |
| 020 ## - Международен стандартен номер на книга ISBN | |
| Международен стандартен номер на книга ISBN | 9786192402167 |
| 040 ## - Източник на каталожния запис | |
| Идентификатор на билиотеката - собственик на записа | BLK |
| 041 ## - Код за език | |
| Код за езика на текст/звукозапис или на отделно заглавие | Български |
| Код за езика КДБФ | Български |
| 080 ## - УДК | |
| Текстов определител УДК | Шведска литература |
| УДК код - определител по УДК | 821.113.6 |
| УДК определител | -93-34 |
| УДК - код + определител | 821.113.6-93-34 |
| 100 ## - Редна дума - Автор | |
| Автор | Линдгрен, Астрид |
| Дати, свързани с автора | 1907 - 2002 |
| Пълна форма на името | Линдгрен, Астрид Анна Емилия |
| R(LIN) | 245550 |
| 139 ## - Редно поле | |
| Редна дума | Линдгрен, Астрид |
| Авторски знак | Линд - Л 63 |
| 245 ## - Сведения за заглавието | |
| Заглавие | Пипи. Пипи - най-силното момиче на света |
| Редно поле (дума) | Астрид Линдгрен; ил. Ингрид Ванг Нюман; прев. от швед. Стела Джелепова |
| 260 ## - Област на издателските данни | |
| 9 (RLIN) | 209558 |
| Място на издаване, разпространение и проч. | София |
| Име на издателя, разпространителя и проч. | ПАН |
| Година на издаване | 2020 |
| 300 ## - Физическа характеристика | |
| Страници | 56 с. |
| Илюстрации и др. | с цв. ил. |
| Размери/Мащаб | 25 см |
| 380 ## - Жанр | |
| Жанр | Детска худож. лит. |
| 700 ## - Други автори (авторска отговорност) | |
| 9 (RLIN) | 267019 |
| Лично име | Нюман, Ингрид Ванг |
| Автороска отговорност (Описва отношението между автора и произведението) | ил. |
| 700 ## - Други автори (авторска отговорност) | |
| 9 (RLIN) | 381669 |
| Лично име | Джелепова, Стела |
| Автороска отговорност (Описва отношението между автора и произведението) | прев. от швед. |
| 852 ## - Местоположение | |
| Фондова буква | Детски отдел |
| Систематично-азбучна сигнатура | 821-93/Л 63 А |
| 999 ## - СИСТЕМНИ КОНТРОЛНИ НОМЕРА | |
| Koha biblionumber | 437498 |
| Koha biblioitemnumber | 437498 |
| 942 ## - АРТИКУЛИ | |
| Вид на библиотечния материал | Книги |
| Скрит в OPAC | Не |
| Периодичен библиозапис | Да |
| Koha issues (borrowed), all copies | 78 |
| 944 ## - СЪЗДАВАНЕ И РЕДАКЦИЯ на ЗАПИСА | |
| Служител, извършил регистрацията/редакцията | 30564 |
| Статус, дата на статуса | Анна Гръцманова |
| Код за отписване | Код за изгубен артикул | Източник на класификационната схема | Код за повреда | Коз за рестрикции | Код за отдаване | Артикулен № | Име на библиотеката - собственик | Име на библиотеката, в която се намира в момента | Статус (Текущо местоположение) | Дата на вписване в системата | Местоположение - отдел | Цена в лева | Систематично азбучна сигнатура | Баркод | Цена в евро | Служебен тип на артикула |
|---|---|---|---|---|---|---|---|---|---|---|---|---|---|---|---|---|
| Не е изгубен | Universal Decimal Classification | Не е повреден | без рестрикции | заемане за дома | 862872 | Регионална библиотека "Любен Каравелов" Русе | Регионална библиотека "Любен Каравелов" Русе | Детски отдел | 2021-11-19 | Детски отдел | 9.68 | 821-93/Л 63 А | 120000862974 | 4.95 | Книги | |
| Не е изгубен | Universal Decimal Classification | Не е повреден | без рестрикции | заемане за дома | 862873 | Регионална библиотека "Любен Каравелов" Русе | Регионална библиотека "Любен Каравелов" Русе | Детски отдел | 2021-11-19 | Детски отдел | 9.68 | 821-93/Л 63 А | 120000862971 | 4.95 | Книги | |
| Не е изгубен | Universal Decimal Classification | Не е повреден | без рестрикции | заемане за дома | 862874 | Регионална библиотека "Любен Каравелов" Русе | Регионална библиотека "Любен Каравелов" Русе | Детски отдел | 2021-11-19 | Детски отдел | 9.68 | 821-93/Л 63 А | 120000862973 | 4.95 | Книги | |
| Не е изгубен | Universal Decimal Classification | Не е повреден | без рестрикции | заемане за дома | 862875 | Регионална библиотека "Любен Каравелов" Русе | Регионална библиотека "Любен Каравелов" Русе | Детски отдел | 2021-11-19 | Детски отдел | 9.68 | 821-93/Л 63 А | 120000862975 | 4.95 | Книги | |
| Не е изгубен | Universal Decimal Classification | Не е повреден | без рестрикции | заемане за дома | 862876 | Регионална библиотека "Любен Каравелов" Русе | Регионална библиотека "Любен Каравелов" Русе | Детски отдел | 2021-11-19 | Детски отдел | 9.68 | 821-93/Л 63 А | 120000862972 | 4.95 | Книги |